| 000 | 00991nam a2200253 i 4500 | ||
|---|---|---|---|
| 001 | 33077 | ||
| 003 | ES-MaACL | ||
| 005 | 20230906154706.0 | ||
| 007 | t| | ||
| 008 | 170418s1911 sp ||||1| spa d | ||
| 100 | 1 |
_aFleiner, Wilhelm. _9162397 |
|
| 245 | 1 | 0 |
_aEnfermedades del aparato digestivo, de la nutrición y de la sangre / _cpor los profesores Wilhelm Fleiner, H. Luthje, Erich Meyer ; traducción directa del alemán por Gonzalo García Rodríguez. |
| 260 |
_aMadrid : _bSaturnino Calleja, _c1911. |
||
| 300 |
_a172 p. ; _c24 cm. |
||
| 490 | 1 |
_aAnuario de ciencias médicas. Primera serie ; _v3 |
|
| 650 | 0 | 4 |
_aAparato digestivo- _xEnfermedades. _99906 |
| 650 | 0 | 4 |
_aSangre- _xEnfermedades. _916982 |
| 700 | 1 |
_aLüthje, Hugo. _9162577 |
|
| 700 | 0 |
_aMeyer, Erich. _980784 |
|
| 700 | 0 |
_aGarcía Rodríguez, Gonzalo. _955198 |
|
| 830 | 0 |
_aAnuario de ciencias médicas. Primera serie ; _v3 _9182797 |
|
| 852 |
_aES-MaACL _jB-11070 _z.- Enc. editorial tela |
||
| 999 |
_c33077 _d33077 |
||